| 000 -ლიდერი |
| ფიქსირებული სიგრძის საკონტროლო ველი |
02160nam a22002537a 4500 |
| 003 - საკონტროლო ნომრის იდენტიფიკატორი |
| საკონტროლო ველი |
Ge_BSU |
| 005 - ბოლო ოპერაციის თარიღი და დრო |
| საკონტროლო ველი |
20221221135125.0 |
| 008 - ფიქსირებული სიგრძის მონაცემთა ელემენტები - ზოგადი ინფორმაცია |
| ფიქსირებული სიგრძის საკონტროლო ველი |
210603s2021 ge ||||| |||| 00| 0 geo d |
| 041 ## - ენის კოდი |
| Language code of text/sound track or separate title |
geo |
| 080 ## - უნივერსალური ათობითი კლასიფიკაციის ინდექსი |
| Universal Decimal Classification number |
58 ვ-13 |
| 100 ## - მთავარი ჩანაწერი - პიროვნების სახელი |
| Personal name |
ვადაჭკორია, პაატა |
| 9 (RLIN) |
11946 |
| 245 ## - ცნობა სათაურის შესახებ |
| Title |
პალიასტომის ტბის უხერხემლო ჰიდრობიონტების ტაქსონომური მრავალფეროვნება და ბიოეკოლოგია / |
| Statement of responsibility, etc |
პაატა ვადაჭკორია; სამეცნიერო ხელმძღვანელი თ. გოგმაჩაძე; ბათუმის შოთა რუსთაველის სახელმწიფო უნივერსიტეტი. საბუნებისმეტყველო მეცნიერებატა და ჯანდაცვის ფაკულტეტი. ბიოლოგიის დეპარტამენტი. |
| 264 ## - წარმოების, გამოცემის, დისტრიბუციის და სხვა ცნობები |
| გამოცემის, წარმოების, დისტრიბუციის... ადგილი |
ბათუმი, |
| გამოცემის, წარმოების, დისტრიბუციის... თარიღი |
2021. |
| 300 ## - ფიზიკური აღწერა |
| Extent |
151 გვ.; |
| Other physical details |
სურ., |
| Dimensions |
30 სმ. |
| 504 ## - BIBLIOGRAPHY, ETC. NOTE |
| Bibliography, etc |
ბიბლიოგრ. გვ. 126 -139 |
| 653 ## - INDEX TERM--UNCONTROLLED |
| Uncontrolled term |
პალიასტომის ტბის უხერხემლო ჰიდრობიონტების ტაქსონომური მრავალფეროვნება და ბიოეკოლოგია |
| 653 ## - INDEX TERM--UNCONTROLLED |
| Uncontrolled term |
ბიოლოგია |
| 653 ## - INDEX TERM--UNCONTROLLED |
| Uncontrolled term |
ზოოლოგია |
| 653 ## - INDEX TERM--UNCONTROLLED |
| Uncontrolled term |
ჰიდრობიოლოგია |
| 653 ## - INDEX TERM--UNCONTROLLED |
| Uncontrolled term |
დისერტაცია |
| 700 ## - ADDED ENTRY--PERSONAL NAME |
| Personal name |
გოგმაჩაძე, თ. |
| Relator term |
სამეცნიერო ხელმძღვანელი |
| 9 (RLIN) |
2676 |
| 710 ## - ADDED ENTRY--CORPORATE NAME |
| Corporate name or jurisdiction name as entry element |
ბათუმის შოთა რუსთაველის სახელმწიფო უნივერსიტეტი. |
| Subordinate unit |
საბუნებისმეტყველო მეცნიერებატა და ჯანდაცვის ფაკულტეტი. ბიოლოგიის დეპარტამენტი. |
| 9 (RLIN) |
11947 |
| 942 ## - ADDED ENTRY ELEMENTS (KOHA) |
| Source of classification or shelving scheme |
|
| Koha item type |
დისერტაცია |